Zmluva medzi Slovenskou republikou a Švajčiarskou konfederáciou o sociálnom zabezpečení
Text Zmluvy medzi SR a Švajčiarskom o sociálnom zabezpečení. Úprava vzťahov medzi obidvoma krajinami v oblasti sociálneho zabezpečenia. Správna dohoda o vykonávaní zmluvy.
Guardado en:
| Formato: | Capítulo de libro |
|---|---|
| Lenguaje: | eslovaco |
| Materias: | |
| Etiquetas: |
Sin Etiquetas, Sea el primero en etiquetar este registro!
|
MARC
| LEADER | 00000naa$a2200000$$$4500 | ||
|---|---|---|---|
| 001 | 0038646 | ||
| 005 | 20230925074538.4 | ||
| 041 | 0 | |a slo | |
| 044 | |a SK | ||
| 245 | 1 | 0 | |a Zmluva medzi Slovenskou republikou a Švajčiarskou konfederáciou o sociálnom zabezpečení |
| 520 | |a Text Zmluvy medzi SR a Švajčiarskom o sociálnom zabezpečení. Úprava vzťahov medzi obidvoma krajinami v oblasti sociálneho zabezpečenia. Správna dohoda o vykonávaní zmluvy. | ||
| 610 | 2 | 0 | |a zabezpečenie sociálne |
| 610 | 2 | 0 | |a zmluvy medzinárodné |
| 610 | 2 | 0 | |a Slovensko |
| 610 | 2 | 0 | |a Švajčiarsko |